|
|
|
|
| LEADER |
00000cam a2200000 7i4500 |
| 001 |
0000014521 |
| 005 |
20150201.0 |
| 008 |
080303 |
| 020 |
|
|
|a 983371000X
|
| 090 |
0 |
0 |
|a 158.1
|b ALL
|
| 100 |
1 |
|
|a Allen, James
|
| 245 |
1 |
0 |
|a Above life's turmoil
|c James Allen
|
| 260 |
|
|
|a Selangor :
|b Masterpiece Publication ,
|c 2006
|
| 650 |
|
0 |
|a Achievement motivation
|
| 650 |
|
0 |
|a Success
|x Psychological aspects
|
| 710 |
0 |
|
|a Title
|
| 999 |
|
|
|a 000057929
|b Book
|c Adult Collection
|e Cawangan Segamat
|
| 999 |
|
|
|a 0001011220
|b Book
|c Adult Collection
|e Perbadanan Perpustakaan Awam Johor
|
| 999 |
|
|
|a 0001011221
|b Book
|c Adult Collection
|e Cawangan AEON Kulaijaya
|
| 999 |
|
|
|a 0001011223
|b Book
|c Adult Collection
|e Perbadanan Perpustakaan Awam Johor
|
| 999 |
|
|
|a 0001011224
|b Book
|c Adult Collection
|e Perbadanan Perpustakaan Awam Johor
|
| 999 |
|
|
|a 0001020226
|b Book
|c Adult Collection
|e Cawangan Pontian
|
| 999 |
|
|
|a 0001020227
|b Book
|c Adult Collection
|e Cawangan Mersing
|
| 999 |
|
|
|a 0001020228
|b Book
|c Adult Collection
|e Cawangan Bandar Tenggara
|
| 999 |
|
|
|a 0001057929
|b Book
|c Adult Collection
|e Cawangan Segamat
|